Statystyki dla Prawda czy Fałsz?#2

Kliknij tutaj aby rozwiązać quiz!

Ogólne statystyki

  • Ten quiz został rozwiązany 140 razy
    (125 od ostatniego zresetowania)
  • Średni wynik to 12 z 25

Statystyki odpowiedzi

ZagadnienieOdpowiedź% Poprawnych
Szwajcaria posiada cztery języki urzędowePrawda
72%
Polska nie uznaje Sahary ZachodniejPrawda
69%
Stolicą Mongolii jest RabatFałsz
67%
Argentyna posiada prawa terytorialne na AntarktydziePrawda
64%
Granica polsko-czeska jest dłusża od granicy słowacko-węgierskiejPrawda
64%
Stolicą Australii nie jest SydneyPrawda
61%
Wyspa Nowa Gwinea jest Większa niż wyspa Borneo(Powierzchnia)Prawda
56%
Iran posiada krótszą linie brzegową niż WietnamPrawda
55%
Państwo nieuznawane Górski Karabach leży na terenie AzerbejdżanuPrawda
54%
Francja posiada większą powierzchnie niż Turkmenistan (Bez Gujany Francuskiej i terytoriów zamorskich)Prawda
54%
Chorwacja szybciej dołączyła do UE niż BułgariaFałsz
53%
Przez Erytree przepływa NilFałsz
51%
Wyspy Alandzkie należą do SzwecjiFałsz
50%
Eswatini jest Eksklawą RPAFałsz
46%
Mali należy do Ligii Państw ArabskichFałsz
46%
Pakistan nie uznaje ArmeniiPrawda
46%
W Europie leżą 3 Państwa nieuznawaneFałsz
41%
Wyspa Piotra I należy do NorwegiiPrawda
39%
Trójkąt Ilemi to terytorium sporne pomiędzy Mozambikiem,Tanzanią a MalawiFałsz
38%
Aconcagua leży w ChileFałsz
36%
Nil jest najdłusżą rzeką świataFałsz
35%
Wojewótdzo Śląskie jest 3 najwiekszym wojewótdzem w Polsce (Pod względem Ludności)Fałsz
31%
Watykan to jeden z dwóch krajów w Europie,który uznaje Tajwan(Republike Chińską)Fałsz
29%
Kilimandżro to najwysży szczyt KeniiFałsz
28%
Poprawna nazwa to Wyspy Zielonego Przylądka a nie Republika Zielonego PrzylądkaFałsz
14%

Rozkład punktacji

Percentyl według liczby udzielonych odpowiedzi

Procent ludzi z każdym wynikiem

Twoja historia wyników

Nie rozwiązałeś tego quizu od ostatniego zresetowania